Political theory : ideas and institutions (Record no. 352594)

000 -LEADER
fixed length control field 00422cam a22001457a 4500
008 - FIXED-LENGTH DATA ELEMENTS--GENERAL INFORMATION
fixed length control field 180718b1988 xxu||||| |||| 00| 0 eng d
082 ## - DEWEY DECIMAL CLASSIFICATION NUMBER
Classification number B2 R211/88
100 ## - MAIN ENTRY--PERSONAL NAME
Personal name Ray, Amal
245 ## - TITLE STATEMENT
Title Political theory : ideas and institutions
Statement of responsibility, etc. by Amal Ray and Mohit Bhattacharya
250 ## - EDITION STATEMENT
Edition statement 10th rev. ed.
260 ## - PUBLICATION, DISTRIBUTION, ETC.
Place of publication, distribution, etc. Calcutta
Name of publisher, distributor, etc. World Press
Date of publication, distribution, etc. 1988
300 ## - PHYSICAL DESCRIPTION
Extent 622p.
650 ## - SUBJECT ADDED ENTRY--TOPICAL TERM
Topical term or geographic name entry element Political Science
700 ## - ADDED ENTRY--PERSONAL NAME
Personal name Bhattacharya, Mohit
Holdings
Withdrawn status Lost status Damaged status Not for loan Permanent Location Current Location Date acquired Full call number Barcode Date last seen Price effective from Koha item type
        Indian Institute of Public Administration Indian Institute of Public Administration 2009-11-20 B2 R211/88 63797 2018-07-21 2018-07-21 Book
        Indian Institute of Public Administration Indian Institute of Public Administration 1993-11-24 B2 R211/88 63795 2020-11-18 2018-07-21 Book

Powered by Koha